Normal view
MARC view
- Nida Hassan, Dr. Javaid Iqbal, Sunbul Javaid, Mehreen Qayas, Tashia Mehd
Entry Personal Name
001 - CONTROL NUMBER
- control field: 71001
003 - CONTROL NUMBER IDENTIFIER
- control field: NUST
005 - DATE AND TIME OF LATEST TRANSACTION
- control field: 20210628204558.0
008 - FIXED-LENGTH DATA ELEMENTS
- fixed length control field: 210628|| aca||aabn | a|a d
040 ## - CATALOGING SOURCE
- Original cataloging agency: NUST
- Transcribing agency: NUST
100 ## - HEADING--PERSONAL NAME
- Personal name: Nida Hassan, Dr. Javaid Iqbal, Sunbul Javaid, Mehreen Qayas, Tashia Mehd
670 ## - SOURCE DATA FOUND
- Source citation: Work cat.: (NUST): Nida Hassan, Dr. Javaid Iqbal, Sunbul Javaid, Mehreen Qayas, Tashia Mehd, PR-SOF-1404-ONLINE BRAIN COMPUTER INTERFACE FOR RECOGNITION OF FIST OPEN AND FIST CLOSE, 2015
